• 首页
  • 本馆介绍
  • 公告通知
  • 最新文献
  • 馆藏检索
  • 电子资源
  • 读者导购
  • 参考咨询
  • 我的图书馆
  • 登录
  • 详细信息显示
  • 放入我的书架
  • 预约/预借图书
  • 作者相关作品
  • 分类相关作品
  • 丛书相关作品
  • 出版社相关作品

书目信息

  • 表格格式
  • 工作单格式
  • 卡片格式
题名:
晶体位错理论基础
    
 
作者: 杨顺华 著
分册: 第一卷  
出版信息: 北京   科学出版社  1988.12
页数: 607页
开本: 32开
丛书名: 凝聚态物理学丛书
单 册:
中图分类: O77
科图分类:
主题词: 晶体缺陷
电子资源:
ISBN: 7-03-000547-3
000 00619nam0 2200217 45
001 0303311032
005 20031219104108.1
010    @a7-03-000547-3@dCNY39.50
100    @a20030331d1988 km y0chiy0120 ea
101 0  @achi
105    @aa z 000yy
200 1  @a晶体位错理论基础@h第一卷@AJing Ti Wei Cuo Li Lun Ji Chu@f杨顺华著@FYang Shun Hua Zhu
210    @a北京@c科学出版社@d1988.12
215    @a607页@c图@d32开
225    @a凝聚态物理学丛书
410    @12001 @a凝聚态物理学丛书
606 0  @a晶体缺陷
690    @aO77@v4
701    @a杨顺华@4著
801    @aCN@bTSTC@c20030331
905    @b321746-747@dO77@e4:1@f2
    
    晶体位错理论基础.第一卷/杨顺华著.-北京:科学出版社,1988.12
    607页:图;32开.-(凝聚态物理学丛书)
    
    
    ISBN 7-03-000547-3:CNY39.50
    
●
相关链接 在E读中查询图书 在五车中查询图书 在当当中查询图书 在豆瓣中查询图书


正题名:晶体位错理论基础     索取号:O77/4:1         预约/预借

序号 登录号 条形码 馆藏地/架位号 状态 备注
1 0321746   203217465   第三借阅区/ [索取号:O77/4:1] 在馆    
2 0321747   203217474   第二样本阅览室/ [索取号:O77/4:1] 在馆    
唐山师范学院图书馆 欢迎您!
大连网信软件有限公司© 版权所有